El pastelero de París (Record no. 160312)

MARC details
000 -LEADER
campo de control de longitud fija 00940nam a22001935i 4500
001 - NÚMERO DE CONTROL
campo de control 160312
003 - IDENTIFICADOR DE NÚMERO DE CONTROL
campo de control ES-MaACL
005 - FECHA Y HORA DE LA ÚLTIMA TRANSACCIÓN
campo de control 20230906212008.0
008 - DATOS DE LONGITUD FIJA--INFORMACIÓN GENERAL
campo de control de longitud fija 020325s1866 sp |||| | spa d
040 ## - FUENTE DE CATALOGACIÓN
Centro catalogador/agencia de origen CAM
Lengua de catalogación spa
Centro/agencia transcriptor CAM
100 1# - ENTRADA PRINCIPAL--NOMBRE DE PERSONA
Nombre de persona Mozo de Rosales, Emilio.
9 (RLIN) 130267
245 13 - MENCIÓN DEL TÍTULO
Título El pastelero de París
Resto del título : zarzuela en un acto y en prosa (imitación) /
Mención de responsabilidad, etc. por Emilio Mozo de Rosales ; música de los señores F. y C.
260 ## - PUBLICACIÓN, DISTRIBUCIÓN, ETC.
Lugar de publicación, distribución, etc. Madrid :
Nombre del editor, distribuidor, etc. [s.n.],
Fecha de publicación, distribución, etc. 1866 (
Fabricante imprenta de José Rodriguez)
300 ## - DESCRIPCIÓN FÍSICA
Extensión 29 p. ;
Dimensiones 20 cm.
500 ## - NOTA GENERAL
Nota general En port.: Estrenada en el teatro de la Zarzuela el día 1º de marzo de 1866.
500 ## - NOTA GENERAL
Nota general Solo la letra.
596 #1 - NOTA AL PIE DE IMPRENTA
NOTA AL PIE DE IMPRENTA En verso de port. consta: "... de la galería dramática y lírica titulada El Teatro ..."
852 ## - LOCALIZACIÓN
Ubicación ES-MaACL
Número de control de estantería F-8566(6)
Nota libre -- Enc. pasta española
condición física -- Falto de la cub. original
Nota libre .- Enc. en vol. facticio formando parte de la col. facticia "Teatro español moderno", vol. 19
Holdings
Estatus retirado Estado de pérdida Estado de daño No para préstamo Colección Biblioteca de origen Biblioteca actual Ubicación en estantería Fecha de adquisición Fuente de adquisición Total de préstamos Signatura topográfica completa Código de barras Visto por última vez Precio de reemplazo Tipo de ítem Koha
        Libros del s. XIX Biblioteca del Ateneo de Madrid Biblioteca del Ateneo de Madrid Sala Pecera Planta 2 17/01/2008     F-8566(6) 1167859 23/02/2023 23/02/2023 Libro impreso antiguo